000 00665nam a2200265 a 4500
003 AR-BaBNM
005 20251128203744.0
008 082120s2002 ||||||||||||||000 | spa||
020 _a950-07-0192-8
040 _cAR-BaBNM
100 1 _aCanning, Víctor
245 0 0 _aEl muchacho de la plataforma uno
260 _aBuenos Aires
_bSudamericana
_c1983
300 _a245 p.
650 4 _aLITERATURA INGLESA
650 4 _aESCRITORES
650 4 _aLITERATURA EXTRANJERA
650 4 _aNOVELAS
650 4 _aLITERATURA CONTEMPORANEA
653 _aNARRATIVA
655 _aLITERATURA
700 1 _aAira, César
_etraductor
942 _cBK
998 _cMARTIN
999 _c4804
_d4804